| 000 | 005610000a22001810004500 | ||
|---|---|---|---|
| 003 | MACL | ||
| 005 | 20160517135247.0 | ||
| 008 | 160517b xxu||||| |||| 00| 0 eng d | ||
| 040 |
_aMACL _cMACL |
||
| 041 | _aHindi | ||
| 082 | _a891.433 | ||
| 100 |
_aराय, सत्यजित _957615 |
||
| 245 |
_aवाह बारह _cसत्यजित राय |
||
| 260 |
_aगाजियाबाद _bरेमाधव पब्लिकेशन्स _c2011 |
||
| 350 | _a240 | ||
| 650 |
_aStory _957616 |
||
| 942 |
_cHIN _k891.433/RAY/S _2ddc |
||
| 999 |
_c48422 _d48422 |
||